000 00667nam a2200217 i 4500
001 10812
003 ES-MaACL
005 20230906145950.0
007 t|
008 951106s1969 sp |||| | spa d
080 _a7.033.3(46)(04)
100 1 _aOlagüe, Ignacio.
_986640
245 1 4 _aLes arabes n'ont jamais envahi l'Espagne /
_cIgnacio Olagüe.
260 _a[Paris] :
_bFlammarion,
_c[1969]
300 _a347 p., [10] p. de lám. :
_bil., grab., mapas ;
_c21 cm.
490 1 _aL'histoire
650 4 _aArte musulmán-
_zEspaña.
_910253
830 1 _aL'histoire
_9228146
852 _aES-MaACL
_jL-18168
_z- Ejemplar fotocopiado
999 _c10812
_d10812